02444 a2200337 4500240014500000260001800145100002200163041000700185260001200192300001700204650003600221650001800257650001500275650001600290260002300306130000700329040001400336710008900350651002300439041000700462041000700469500001200476100008900488502006500577653005000642245010900692300001000801653008100811651001000892520120400902 aEtude socio-économique de la dynamique de la main d'oeuvre agricole dans les systèmes à base de coton : cas de la Commune de Glazoué aAbomey-Calavi aALOKPAÏ, Nestor bFr bFSA/UAC aXVIII-129 p. aSYSTEME D'EXPLOITATION AGRICOLE aMAIN D'OEUVRE aPRODUCTION aAGRICULTURE c18 Décembre 2002 lFr aSupport  aAbomey-Calavi, Université d'Abomey-Calavi, Faculté des Sciences Agronomiques, Bj aCOMMUNE DE GLAZOUE bFr bEn aAnnexes uAbomey-Calavi, Université d'Abomey-Calavi, Faculté des Sciences Agronomiques, Bj aThèse pour l'obtention du Diplôme d'Ingénieur Agronome1 aEconomie, Socio-Anthropologie et Communcation aSocio-economic study of labour force dynamics in farming systems based on cotton : the case of Glazoué b29 cm 1aEconomie, Socio-Anthropologie et Communication pour le Développement Rural aBENIN aLe développement de l'agriculture dépend de la disponibilité des principaux facteurs de production agricoles qui sont la terre, la main d'oeuvre et la capital. Ce sont en effet ces facteurs, que l'exploitant combine d'une manière cohérente dans son exploitation pour atteindre ses objectifs qui sont d'ordre socio-économique et culturel. Dans le cas présent, c'est la main d'oeuvre agricole qui constitue un facteur limitant à la production pour les exploitants de Glazoué et les difficultés de mobilisation et de gestion de cette main d'oeuvre s'accentuent de jour en jour. Ces problèmes sont dus aux différentes mutations que connaissent le monde rural exacerbé par la promotion contonnière. La présente recherche vise à étudier comment la main d'oeuvre est mobilisée et gérée par les exploitants dans cette zone. La démarche méthodologique adoptée est essentiellement basée sur deux principales phases. La première est la phase théorique essentiellement basée sur la documentation. La deuxième est la phase empirique qui est organisée en trois autres phases à savoir la phase exploratoire, la pré-enquête et la phase approfondie...